Public economics (Record no. 77135)

MARC details
000 -LEADER
fixed length control field 00686nam a2200169 a 4500
008 - FIXED-LENGTH DATA ELEMENTS--GENERAL INFORMATION
fixed length control field 120416s1995 ||||||||||||||||| || u
020 ## - INTERNATIONAL STANDARD BOOK NUMBER
International Standard Book Number 0521497698
050 ## - LIBRARY OF CONGRESS CALL NUMBER
Classification number HB 846 Myl
100 ## - MAIN ENTRY--PERSONAL NAME
Personal name Myles, Gareth D
245 10 - TITLE STATEMENT
Title Public economics
260 ## - PUBLICATION, DISTRIBUTION, ETC.
Place of publication, distribution, etc. Cambridge
Name of publisher, distributor, etc. The University Press
Date of publication, distribution, etc. 1995
350 ## -
-- 0.00
650 #0 - SUBJECT ADDED ENTRY--TOPICAL TERM
Topical term or geographic name entry element ECONOMICS
650 #0 - SUBJECT ADDED ENTRY--TOPICAL TERM
Topical term or geographic name entry element ECONOMICS--PUBLIC
995 ## -
-- MAIN LIBRARY OPEN ACCESS
-- 0.00
-- 728250
-- CBU-MAIN LIBRARY (Kitwe)
-- 1
-- 31.50
-- HB 846 Myl
-- 2
-- AVAILABLE
-- 026185
-- Main Library Open Access Collection
995 ## -
-- MAIN LIBRARY OPEN ACCESS
-- 0.00
-- 728251
-- CBU-MAIN LIBRARY (Kitwe)
-- 2
-- 31.50
-- HB 846 Myl
-- 1
-- AVAILABLE
-- 020097
-- Main Library Open Access Collection
999 ## -
-- 77135
-- 77135
Holdings
Withdrawn status Lost status Source of classification or shelving scheme Damaged status Not for loan Permanent Location Current Location Shelving location Date acquired Total Checkouts Full call number Barcode Date last seen Copy number Price effective from Koha item type
          CBU-MAIN LIBRARY, KITWE. CBU-MAIN LIBRARY, KITWE.   04/25/2023   HB 846 Myl 026185 04/25/2023 1 04/25/2023 MONOGRAPH
          CBU-MAIN LIBRARY, KITWE. CBU-MAIN LIBRARY, KITWE.   04/25/2023   HB 846 Myl 020097 04/25/2023 2 04/25/2023 MONOGRAPH